| 000 | 01998cam a22006134i 4500 | ||
|---|---|---|---|
| 003 | PE-LiUPU | ||
| 005 | 20250731170433.0 | ||
| 008 | 150623s2003 xxua rb 000 0 eng d | ||
| 020 | _a0072560789 | ||
| 035 | _a(Sirsi) i9780072560787 | ||
| 040 |
_aPE-LiUPU _bspa _cPE-LiUPU _erda |
||
| 049 | _aPRUA | ||
| 082 | 0 | 4 |
_a113 _bS2003 _221 |
| 100 | 1 |
_aStumpf, Samuel Enoch, _d1918-1998, _eautor. |
|
| 245 | 1 | 0 |
_aSocrates to sartre and beyond : _ba history of philosophy / _cSamuel Enoch Stumpf. |
| 264 | 1 |
_aBoston : _bMcGraw-Hill, _c2003. |
|
| 300 |
_a498 páginas : _bilustraciones ; _c24 centímetros |
||
| 336 |
_atext _2rdacontent |
||
| 337 |
_aunmediated _2rdamedia |
||
| 338 |
_avolume _2rdacarrier |
||
| 500 | _aGlosario: (A-W). | ||
| 504 | _aIncluye bibliografía. | ||
| 505 | 0 | _aAncient greek philosophy -- Hellenistic and medieval philosophy -- Early modern philosophy -- Late modern and 19 th century philosophy -- Century and contemporary philosophy. | |
| 526 | _aSEG68 | ||
| 526 | _aSEG70 | ||
| 526 | _aSEG69 | ||
| 526 | _aSEG67 | ||
| 526 | _aSEG43 | ||
| 526 | _aP144 | ||
| 526 | _aP143 | ||
| 526 | _aP131 | ||
| 526 | _aP122 | ||
| 526 | _aP120 | ||
| 526 | _aP117 | ||
| 526 | _aP112 | ||
| 526 | _aP110 | ||
| 526 | _aP106 | ||
| 526 | _aP101 | ||
| 526 | _aP80 | ||
| 526 | _aP59 | ||
| 526 | _aP54 | ||
| 526 | _aP35 | ||
| 526 | _aP33 | ||
| 526 | _aP30 | ||
| 600 | 1 |
_aSartre, Jean Paul _xEstudio. |
|
| 600 | 1 |
_aSócrates. _d469-399 a.C. _xEstudio. |
|
| 650 | 0 | 4 |
_aFilosofía _xHistoria. |
| 942 |
_2ddc _cBOOK |
||
| 949 |
_a113 S 2003 _wDEWEY _c1 _i53412 _lCCODEBUL1 _mBUL _p30.00 _r0 _sY _tBOOK _u2015-6-24 _xTEOLOGIA _PP35 _0COMPRA _o.STAFF. Colección General |
||
| 994 |
_aC0 _bPEPRU |
||
| 596 | _a1 | ||
| 999 |
_a113 S 2003 _wDEWEY _c35383 _i53412 _d35383 _e2019-8-12 _f2021-11-8 _g5 _lCCODEBUL1 _mBUL _n6 _p30.00 _q6 _r0 _sY _tBOOK _u2015-6-24 _xTEOLOGIA _PP35 _0COMPRA _o.STAFF. Colección General |
||
| 980 |
_81 _gALBERTO SANCHEZ Responsable de Automatización |
||